Manual de redacción general / (Registro nro. 50493)

Detalles MARC
000 -LEADER
campo de control de longitud fija 03540cam a22006014i 4500
003 - IDENTIFICADOR DE NÚMERO DE CONTROL
campo de control PE-LiUPU
005 - FECHA Y HORA DE LA ÚLTIMA TRANSACCIÓN
campo de control 20250731175635.0
008 - DATOS DE LONGITUD FIJA--INFORMACIÓN GENERAL
campo de control de longitud fija 150706s2008 pe rb 000 0 spa d
035 ## - NÚMERO DE CONTROL DEL SISTEMA
Número de control de sistema (Sirsi) a48260
040 ## - FUENTE DE CATALOGACIÓN
Centro catalogador/agencia de origen PE-LiUPU
Lengua de catalogación spa
Centro/agencia transcriptor PE-LiUPU
Normas de descripción rda
049 ## - FONDOS LOCALES (OCLC)
Biblioteca depositaria PRUA
082 04 - NÚMERO DE LA CLASIFICACIÓN DECIMAL DEWEY
Número de clasificación 468.2
Cutter M572008
Número de edición 21
082 04 - NÚMERO DE LA CLASIFICACIÓN DECIMAL DEWEY
Número de clasificación 451.75
Cutter C95 2008
Número de edición 21
082 04 - NÚMERO DE LA CLASIFICACIÓN DECIMAL DEWEY
Número de clasificación 468.2
Cutter M57 2008
245 00 - MENCIÓN DEL TÍTULO
Título Manual de redacción general /
Mención de responsabilidad, etc. editor, Alfonso Cueva Sevillano.
264 #1 - PRODUCCIÓN, PUBLICACIÓN, DISTRIBUCIÓN, FABRICACIÓN Y COPYRIGHT
Producción, publicación, distribución, fabricación y copyright Lima :
Nombre del de productor, editor, distribuidor, fabricante A.F.A Editores Importadores,
Fecha de producción, publicación, distribución, fabricación o copyright 2008.
300 ## - DESCRIPCIÓN FÍSICA
Extensión 548 páginas ;
Dimensiones 21 cm.
336 ## - TIPO DE CONTENIDO
Término de tipo de contenido text
Fuente rdacontent
337 ## - TIPO DE MEDIO
Nombre/término del tipo de medio unmediated
Fuente rdamedia
338 ## - TIPO DE SOPORTE
Nombre/término del tipo de soporte volume
Fuente rdacarrier
504 ## - NOTA DE BIBLIOGRAFÍA, ETC.
Nota de bibliografía, etc. Incluye bibliografía.
505 0# - NOTA DE CONTENIDO CON FORMATO
Nota de contenido con formato El arte de la redacción y normas de ortografía -- Redacción personal, familiar y social -- Redacción comercial, documentación mercantil -- Redacción para el sector público -- Redacción para el sector educación -- Redacción para el sector policial -- Breve diccionario de sinónimos -- Palabras comunes en Inglés -- Abreviaturas comerciales.
526 ## - NOTA DE INFORMACIÓN SOBRE EL PROGRAMA DE ESTUDIO
Nombre del programa Comunicación Y Periodismo
526 ## - NOTA DE INFORMACIÓN SOBRE EL PROGRAMA DE ESTUDIO
Nombre del programa Educación, Especialidad Inglés Y Español (A Distancia)
526 ## - NOTA DE INFORMACIÓN SOBRE EL PROGRAMA DE ESTUDIO
Nombre del programa Educación, Especialidad Inglés Y Español
526 ## - NOTA DE INFORMACIÓN SOBRE EL PROGRAMA DE ESTUDIO
Nombre del programa Teología
526 ## - NOTA DE INFORMACIÓN SOBRE EL PROGRAMA DE ESTUDIO
Nombre del programa Educación secundaria, especialidad lingüística e inglés
526 ## - NOTA DE INFORMACIÓN SOBRE EL PROGRAMA DE ESTUDIO
Nombre del programa Ciencias de la comunicación
541 ## - NOTA DE FUENTE DE ADQUISICIÓN DIRECTA
-- 015-0011205;
541 ## - NOTA DE FUENTE DE ADQUISICIÓN DIRECTA
-- 015-0011205;
541 ## - NOTA DE FUENTE DE ADQUISICIÓN DIRECTA
-- T02318.
596 ## -
-- 1 2 3
650 14 - PUNTO DE ACCESO ADICIONAL DE MATERIA--TÉRMINO DE MATERIA
Término de materia o nombre geográfico como elemento de entrada Redacción comercial
Subdivisión de forma Manuales, etc.
650 24 - PUNTO DE ACCESO ADICIONAL DE MATERIA--TÉRMINO DE MATERIA
Término de materia o nombre geográfico como elemento de entrada Correspondencia comercial
Subdivisión de forma Modelos.
650 24 - PUNTO DE ACCESO ADICIONAL DE MATERIA--TÉRMINO DE MATERIA
Término de materia o nombre geográfico como elemento de entrada Correspondencia oficial
Subdivisión de forma Modelos.
650 24 - PUNTO DE ACCESO ADICIONAL DE MATERIA--TÉRMINO DE MATERIA
Término de materia o nombre geográfico como elemento de entrada Contratos comerciales
Subdivisión de forma Modelos.
700 1# - ENTRADA AGREGADA--NOMBRE PERSONAL
Nombre de persona Cueva Sevillano, Alfonso,
Fechas asociadas al nombre 1944- ,
Término indicativo de función/relación ed.
710 2# - ENTRADA AGREGADA--NOMBRE DE ENTIDAD CORPORATIVA
Nombre de entidad corporativa o nombre de jurisdicción como elemento de entrada Cueva Garcia, Anibal
Término indicativo de función/relación ed.
910 ## - DATOS DE OPCIÓN DEL USUARIO (OCLC)
Datos de opción del usuario gl
-- jv
-- lch
-- 20100303
942 ## - ELEMENTOS DE ENTRADA SECUNDARIOS (KOHA)
Fuente del sistema de clasificación o colocación Clasificación Decimal Dewey
Tipo de ítem Koha
949 ## - PROCESAMIENTO DE INFORMACIÓN LOCAL (OCLC)
a 468.2 M57 2008
w DEWEY
c 1
i 61228
l CCODEBUL1
m BUL
p 22.00
r 0
s Y
t LIBRO
u 2015-07-06
x FCE
z AGB
o .STAFF. Colección General
949 ## - PROCESAMIENTO DE INFORMACIÓN LOCAL (OCLC)
a 468.2 M57 2008
w DEWEY
c 2
i 61227
l CCODEBUL1
m BUL
p 22.00
r 0
s Y
t LIBRO
u 2015-07-06
x FCE
z AGB
o .STAFF. Colección General
949 ## - PROCESAMIENTO DE INFORMACIÓN LOCAL (OCLC)
a 451.75 C95 2008
w DEWEY
c 1
i FJ10010
l CCODEBUJ1
m BUJ
p 22.00
r 0
s Y
t BOOK
u 2015-07-06
x EDUCACION
-- P14
0 COMPRA
o .STAFF. Colección General Juliaca
949 ## - PROCESAMIENTO DE INFORMACIÓN LOCAL (OCLC)
a 451.75 C95 2008
w DEWEY
c 2
i FJ10011
l CCODEBUJ1
m BUJ
p 22.00
r 0
s Y
t BOOK
u 2015-07-06
x EDUCACION
-- P14
0 COMPRA
o .STAFF. Colección General Juliaca
949 ## - PROCESAMIENTO DE INFORMACIÓN LOCAL (OCLC)
a 468.2 M57 2008
w DEWEY
c 1
i FT02318
l CCODEBUT1
m BUT
p {dolar}15.00
r 0
s Y
t BOOK
u 2015-07-06
x BIBLIOTECA
z UNKNOWN
0 COMPRA
o .STAFF. Colección General Tarapoto
994 ## -
-- C0
-- PEPRU
999 ## - NÚMEROS DE CONTROL DE SISTEMA (KOHA)
-- DEWEY
-- 61228
-- LOST
-- BUL
-- 22.00
-- 1
-- Y
-- BOOK
-- 2015-7-6
-- FCE
-- AGB
-- .STAFF. Colección General
999 ## - NÚMEROS DE CONTROL DE SISTEMA (KOHA)
-- DEWEY
-- 61227
-- 2017-5-30
-- 2021-11-8
-- 6
-- CCODEBUL1
-- BUL
-- 2
-- 22.00
-- 0
-- Y
-- BOOK
-- 2015-7-6
-- EDUCACION
-- AGB
-- .STAFF. Colección General
999 ## - NÚMEROS DE CONTROL DE SISTEMA (KOHA)
-- DEWEY
-- FJ10010
-- 2022-1-19
-- 4
-- CCODEBUJ1
-- BUJ
-- 22.00
-- 0
-- Y
-- BOOK
-- 2015-11-23
-- BIBLIOTECA
-- UNKNOWN
-- COMPRA
-- .STAFF. Colección General Juliaca
999 ## - NÚMEROS DE CONTROL DE SISTEMA (KOHA)
-- DEWEY
-- FJ10011
-- 2022-1-19
-- 4
-- CCODEBUJ1
-- BUJ
-- 22.00
-- 1
-- 0
-- Y
-- BOOK
-- 2015-11-23
-- BIBLIOTECA
-- UNKNOWN
-- COMPRA
-- .STAFF. Colección General Juliaca
999 ## - NÚMEROS DE CONTROL DE SISTEMA (KOHA)
-- DEWEY
-- FT02318
-- 2019-2-20
-- 1
-- CCODEBUT1
-- BUT
-- 15.00
-- 0
-- Y
-- BOOK
-- 2016-6-13
-- BIBLIOTECA
-- UNKNOWN
-- COMPRA
-- .STAFF. Colección General Tarapoto
980 ## - EQUIVALENCIA O REFERENCIA-CRUZADA-MENCIÓN DE SERIE--NOMBRE DE PERSONA/TÍTULO [LOCAL, CANADÁ]
ID del último usuario que modificó el registro 1
Nombre del último usuario que modificó el registro ALBERTO SANCHEZ Responsable de Automatización
Existencias
Visto por última vez Número de inventario Total de préstamos Signatura topográfica completa Código de barras Fecha del último préstamo Copia número Coste, precio de reemplazo Fecha de reemplazo Facultad Tipo de ítem Koha Nota pública Estado de pérdida Fuente del sistema de clasificación o colocación Restricciones de uso No para préstamo Colección Programa académico Biblioteca de origen Biblioteca actual Ubicación en estantería Fecha de adquisición Fuente de adquisición Coste, precio normal de compra
2017-06-01 6 2 468.2 M57 2008 61228 2017-05-30 e1 27.00 2015-07-06 FACIHED Libros físicos perdido o baja hasta el 2023-12-13 Perdido Clasificación Decimal Dewey Restringido No disponible para préstamos Colección General Educación secundaria, especialidad lingüística e inglés Biblioteca CRAI UPeU Lima Biblioteca CRAI UPeU Lima Sala principal 2015-07-06 COMPRA 22.00
2025-12-02 5   468.2 M57 2008 61227   e2 27.00 2015-07-06 FACIHED Libros físicos inventario-2023-12-13 No Perdido Clasificación Decimal Dewey No restringido Disponible para préstamos Colección General Educación secundaria, especialidad lingüística e inglés Biblioteca CRAI UPeU Lima Biblioteca CRAI UPeU Lima Sala principal 2015-07-06 COMPRA 22.00